| 000 | 00751pam a2200265 i 4500 | ||
|---|---|---|---|
| 001 | 6657 | ||
| 003 | BD-RjUL | ||
| 005 | 20211208234304.0 | ||
| 008 | 140111s1979 nyua b 001 0 eng | ||
| 020 | _a0471057711 | ||
| 035 | _a(BD-RjUL)6698 | ||
| 040 |
_aDLC _cDLC _dDLC _dBD-RjUL _beng |
||
| 041 | _aeng | ||
| 082 | 0 | 0 |
_a512.943 _bDAC 1979 |
| 100 | 1 |
_aDavis, Philip J., _d1923- _920911 |
|
| 245 | 1 | 0 |
_aCirculant matrices / _cPhilip J. Davis. |
| 260 |
_aNew York : _bWiley, _cc1979. |
||
| 300 |
_axv, 250 p. : _bill. ; _c23 cm. |
||
| 490 | 0 | _aPure and applied mathematics | |
| 500 | _a"A Wiley-Interscience publication." | ||
| 504 | _aBibliography: p. 235-244. and index. | ||
| 650 | 0 |
_aMatrices. _920924 |
|
| 942 |
_2ddc _cBK |
||
| 999 |
_c6657 _d6657 |
||